[Event "BCF-chT 2324 (4NCL)"]
[Site "England"]
[Date "2024.02.11"]
[Round "6.1"]
[White "Durak, Can"]
[Black "Lupulescu, Constantin"]
[Result "1/2-1/2"]
[WhiteElo "2396"]
[BlackElo "2589"]
[PlyCount "82"]
[EventDate "2023.11.11"]
[EventType "team-tourn"]
[EventRounds "11"]
[EventCountry "ENG"]
[SourceTitle "CB11_2024"]
[SourceDate "2024.03.13"]
[SourceVersion "1"]
[SourceVersionDate "2024.03.13"]
[SourceQuality "1"]
[WhiteTeam "Wood Green Youth"]
[BlackTeam "Manx Liberty"]
[WhiteTeamCountry "ENG"]
[BlackTeamCountry "ENG"]

1. d4 d5 2. Bf4 Nf6 3. Nf3 c5 4. e3 Nc6 5. Nbd2 Bg4 6. c3 e6 7. Qb3 Qb6 8. h3 Bh5 9. Nh4 0-0-0 10. g4 Bg6 11. Qxb6 axb6 12. Nxg6 hxg6 13. Bg2 Ne8 14. 0-0 Bd6 15. Bxd6 Nxd6 16. Rac1 Kd7 17. dxc5 bxc5 18. c4 d4 19. Nb3 b6 20. exd4 Nxd4 21. Nxd4 cxd4 22. b4 Rc8 23. Rfd1 Rxc4 24. Rxc4 Nxc4 25. Rxd4+ Nd6 26. a4 Rc8 27. a5 Rc1+ 28. Bf1 b5 29. Kg2 Kc7 30. h4 Rb1 31. Be2 Nc4 32. h5 g5 33. a6 Nd6 34. f4 f6 35. fxg5 fxg5 36. Bf3 Ra1 37. Bb7 Ra4 38. Kg3 Ra3+ 39. Kf2 Ra4 40. Kg3 Ra3+ 41. Kf2 Ra4 1/2-1/2

[Event "BCF-chT 2324 (4NCL)"]
[Site "England"]
[Date "2024.02.10"]
[Round "5.1"]
[White "Lupulescu, Constantin"]
[Black "Claridge Hansen, William"]
[Result "0-1"]
[WhiteElo "2589"]
[BlackElo "2360"]
[PlyCount "68"]
[EventDate "2023.11.11"]
[EventType "team-tourn"]
[EventRounds "11"]
[EventCountry "ENG"]
[SourceTitle "CB11_2024"]
[SourceDate "2024.03.13"]
[SourceVersion "1"]
[SourceVersionDate "2024.03.13"]
[SourceQuality "1"]
[WhiteTeam "Manx Liberty"]
[BlackTeam "Oxford"]
[WhiteTeamCountry "ENG"]
[BlackTeamCountry "ENG"]

1. e4 c5 2. Nf3 e6 3. c3 d5 4. e5 d4 5. Na3 Nc6 6. Bd3 Bd7 7. 0-0 g5 8. Qe2 h5 9. Ne1 Qb8 10. f4 gxf4 11. Nf3 Nh6 12. Re1 Rg8 13. b3 a6 14. Bb2 dxc3 15. Bxc3 b5 16. Nc2 Qa7 17. Kh1 Rd8 18. Rf1 Ne7 19. Ng1 Bc6 20. Ne1 Qb7 21. Nef3 Nef5 22. Rae1 Rxd3 23. Qxd3 c4 24. bxc4 Bc5 25. Qe2 h4 26. d4 Bxd4 27. Bxd4 Nxd4 28. Qd3 Nhf5 29. cxb5 Bxb5 30. Qb1 h3 31. Nxh3 Rxg2 32. Nxf4 Rg4 33. Nh5 Nxf3 34. Nf6+ Kf8 0-1

[Event "BCF-chT 2324 (4NCL)"]
[Site "England"]
[Date "2024.01.13"]
[Round "3.1"]
[White "Lupulescu, Constantin"]
[Black "Villiers, Thomas"]
[Result "1-0"]
[WhiteElo "2589"]
[BlackElo "2239"]
[PlyCount "65"]
[EventDate "2023.11.11"]
[EventType "team-tourn"]
[EventRounds "11"]
[EventCountry "ENG"]
[SourceTitle "CB11_2024"]
[SourceDate "2024.03.13"]
[SourceVersion "1"]
[SourceVersionDate "2024.03.13"]
[SourceQuality "1"]
[WhiteTeam "Manx Liberty"]
[BlackTeam "Barnet Knights"]
[WhiteTeamCountry "ENG"]
[BlackTeamCountry "ENG"]

1. e4 c5 2. Nf3 d6 3. d4 cxd4 4. Nxd4 Nf6 5. Nc3 Nc6 6. Bg5 e6 7. Qd2 Nxd4 8. Qxd4 Bd7 9. 0-0-0 Qa5 10. Bd2 Be7 11. f3 Qc5 12. Qxc5 dxc5 13. Be3 Bc6 14. Bb5 Rc8 15. Bxc6+ Rxc6 16. Nb5 a6 17. Na7 Rc7 18. Bf4 Rd7 19. Nc8 c4 20. Rxd7 Nxd7 21. Rd1 e5 22. Be3 c3 23. bxc3 Ba3+ 24. Kb1 Nb8 25. c4 0-0 26. Nb6 Nc6 27. c5 Nd4 28. Rd3 Bxc5 29. Nd7 Rc8 30. c3 Ne6 31. Nxc5 Nxc5 32. Bxc5 Rc7 33. Rd8# 1-0

[Event "ROM-chT Rapid"]
[Site "Sebes"]
[Date "2023.12.02"]
[Round "7.1"]
[White "Lupulescu, Constantin"]
[Black "Cordea, David"]
[Result "1-0"]
[WhiteElo "2582"]
[BlackElo "2057"]
[PlyCount "115"]
[EventDate "2023.12.02"]
[EventType "team-swiss (rapid)"]
[EventRounds "8"]
[EventCountry "ROU"]
[SourceTitle "CB49_2023"]
[SourceDate "2023.12.06"]
[SourceVersion "1"]
[SourceVersionDate "2023.12.06"]
[SourceQuality "1"]
[WhiteTeam "Bucharest ASE"]
[BlackTeam "Alba Iulia Unirea II"]
[WhiteTeamCountry "ROU"]
[BlackTeamCountry "ROU"]

1. d4 d5 2. c4 e6 3. Nc3 Nf6 4. cxd5 exd5 5. Bg5 Be7 6. e3 0-0 7. Bd3 h6 8. Bh4 c6 9. Nge2 Nbd7 10. f3 Ne4 11. Bxe7 Nxc3 12. Bxd8 Nxd1 13. Rxd1 Rxd8 14. g4 Re8 15. Kf2 Nf8 16. h4 g6 17. h5 g5 18. Ng3 Bd7 19. Rc1 Rad8 20. Rc3 Re6 21. Ra3 a6 22. Rb3 Rf6 23. Bf5 Bxf5 24. Nxf5 Rd7 25. Rc1 Ne6 26. Rb6 Ng7 27. Ng3 Ne8 28. e4 Re6 29. e5 f6 30. Re1 fxe5 31. dxe5 d4 32. Re4 d3 33. Ke1 Ng7 34. Nf5 Rf7 35. Nxg7 Kxg7 36. Re3 Rfe7 37. Kd2 Rd7 38. Rxd3 Ree7 39. Rbb3 Kf7 40. Rxd7 Rxd7+ 41. Rd3 Re7 42. Rd6 Rxe5 43. Rxh6 Rb5 44. b3 a5 45. Ke3 Kg7 46. Rg6+ Kh7 47. f4 gxf4+ 48. Kxf4 a4 49. bxa4 Ra5 50. Rd6 Rxa4+ 51. Kg5 Ra5+ 52. Kh4 Rb5 53. Rd7+ Kg8 54. h6 b6 55. g5 Rb2 56. Kh5 Re2 57. h7+ Kh8 58. Kh6 1-0

[Event "ROM-chT Rapid"]
[Site "Sebes"]
[Date "2023.12.02"]
[Round "6.1"]
[White "Nanu, Ciprian Costica"]
[Black "Lupulescu, Constantin"]
[Result "0-1"]
[WhiteElo "2520"]
[BlackElo "2582"]
[PlyCount "94"]
[EventDate "2023.12.02"]
[EventType "team-swiss (rapid)"]
[EventRounds "8"]
[EventCountry "ROU"]
[SourceTitle "CB49_2023"]
[SourceDate "2023.12.06"]
[SourceVersion "1"]
[SourceVersionDate "2023.12.06"]
[SourceQuality "1"]
[WhiteTeam "Dinamo"]
[BlackTeam "Bucharest ASE"]
[WhiteTeamCountry "ROU"]
[BlackTeamCountry "ROU"]

1. Nf3 d5 2. g3 Nd7 3. Bg2 e5 4. d3 Ngf6 5. 0-0 c6 6. c4 dxc4 7. dxc4 Be7 8. Nc3 0-0 9. Qc2 Qc7 10. Rd1 Re8 11. h3 a5 12. Be3 Nc5 13. Na4 Nxa4 14. Qxa4 Bf5 15. Nd2 Nd7 16. Ne4 Bxe4 17. Bxe4 Nc5 18. Qc2 Nxe4 19. Qxe4 g6 20. g4 Rad8 21. Kg2 b6 22. h4 Bc5 23. Bg5 Be7 24. Bxe7 Qxe7 25. g5 Rd6 26. Rxd6 Qxd6 27. e3 Rd8 28. Rh1 Qe6 29. Kg3 Rd2 30. b3 Qf5 31. Qxf5 gxf5 32. a4 c5 33. Rb1 Kg7 34. h5 f6 35. gxf6+ Kxf6 36. Kf3 Rd3 37. Ke2 e4 38. f3 Kg5 39. fxe4 fxe4 40. Rg1+ Kxh5 41. Rh1+ Kg5 42. Rxh7 Rxb3 43. Re7 Kf5 44. Rf7+ Ke6 45. Rb7 Rb4 46. Kd2 Rxc4 47. Rxb6+ Kd5 0-1

[Event "Sebes GP op"]
[Site "Sebes"]
[Date "2023.11.05"]
[Round "9"]
[White "Gavrilescu, David"]
[Black "Lupulescu, Constantin"]
[Result "1/2-1/2"]
[WhiteElo "2534"]
[BlackElo "2581"]
[PlyCount "34"]
[EventDate "2023.11.04"]
[EventType "swiss"]
[EventRounds "10"]
[EventCountry "ROU"]
[SourceTitle "CB46_2023"]
[SourceDate "2023.11.15"]
[SourceVersion "1"]
[SourceVersionDate "2023.11.15"]
[SourceQuality "1"]

1. e4 e5 2. Nf3 Nc6 3. Bb5 Nf6 4. 0-0 Nxe4 5. Re1 Nd6 6. Nxe5 Be7 7. Bf1 Nxe5 8. Rxe5 0-0 9. d4 Bf6 10. Re1 Nf5 11. c3 d5 12. Nd2 Re8 13. Nf3 Rxe1 14. Qxe1 Nd6 15. Bd3 Bf5 16. Bxf5 Nxf5 17. Bf4 c6 1/2-1/2

[Event "Sebes GP op"]
[Site "Sebes"]
[Date "2023.11.04"]
[Round "1"]
[White "Ivancescu, Bogdan Andrei"]
[Black "Lupulescu, Constantin"]
[Result "0-1"]
[WhiteElo "1814"]
[BlackElo "2581"]
[PlyCount "64"]
[EventDate "2023.11.04"]
[EventType "swiss"]
[EventRounds "10"]
[EventCountry "ROU"]
[SourceTitle "CB46_2023"]
[SourceDate "2023.11.15"]
[SourceVersion "1"]
[SourceVersionDate "2023.11.15"]
[SourceQuality "1"]

1. e4 c5 2. Nc3 Nc6 3. Bb5 Nd4 4. Nf3 e6 5. 0-0 a6 6. Bd3 Nc6 7. Re1 d6 8. Bf1 Nf6 9. d4 cxd4 10. Nxd4 Qc7 11. Be3 Be7 12. Kh1 0-0 13. Be2 Bd7 14. f4 b5 15. Bf3 b4 16. Nce2 Rac8 17. Rc1 Qb8 18. Nxc6 Bxc6 19. Ng3 Rfd8 20. Qe2 Qb7 21. Bd2 a5 22. f5 e5 23. Nh5 d5 24. exd5 Bxd5 25. Bxd5 Rxd5 26. Bg5 Nxh5 27. Qxh5 Bxg5 28. Qxg5 f6 29. Qg4 Rd2 30. Re2 Rcxc2 31. Rxd2 Rxc1+ 32. Rd1 Qe4 0-1

[Event "ROM-chT"]
[Site "Eforie Nord"]
[Date "2023.09.27"]
[Round "7.2"]
[White "Karthik, Venkataraman"]
[Black "Lupulescu, Constantin"]
[Result "1/2-1/2"]
[WhiteElo "2563"]
[BlackElo "2581"]
[PlyCount "76"]
[EventDate "2023.09.21"]
[EventType "team-tourn"]
[EventRounds "9"]
[EventCountry "ROU"]
[SourceTitle "EXT 2024"]
[Source "ChessBase"]
[SourceDate "2023.10.10"]
[SourceVersion "1"]
[SourceVersionDate "2023.10.10"]
[SourceQuality "1"]
[WhiteTeam "Galati Smart"]
[BlackTeam "Bucharest ASE"]
[WhiteTeamCountry "ROU"]
[BlackTeamCountry "ROU"]

1. c4 e6 2. Nc3 Nf6 3. d4 Bb4 4. Nf3 0-0 5. e3 c5 6. Bd3 cxd4 7. exd4 d5 8. cxd5 exd5 9. 0-0 Bg4 10. Bg5 Bxc3 11. bxc3 Nbd7 12. Qb3 Bxf3 13. gxf3 Qc7 14. Kh1 Rfe8 15. Rg1 Re6 16. Rac1 Nf8 17. c4 Rb6 18. cxd5 Qd6 19. Qc4 Nxd5 20. Be4 Nf6 21. d5 Re8 22. Be3 Ra6 23. Bc5 Qd7 24. Bb4 Ng6 25. a3 Ne5 26. Qd4 Nxe4 27. fxe4 Rg6 28. Rxg6 hxg6 29. Rc3 f5 30. d6 Nc6 31. Qd5+ Qf7 32. Ba5 Nxa5 33. d7 Rd8 34. Rc8 Nc6 35. Qxc6 bxc6 36. Rxd8+ Kh7 37. Rh8+ Kxh8 38. d8Q+ Qg8 1/2-1/2

[Event "ROM-chT"]
[Site "Eforie Nord"]
[Date "2023.09.24"]
[Round "4.1"]
[White "Sargsyan, Shant"]
[Black "Lupulescu, Constantin"]
[Result "1/2-1/2"]
[WhiteElo "2631"]
[BlackElo "2581"]
[PlyCount "41"]
[EventDate "2023.09.21"]
[EventType "team-tourn"]
[EventRounds "9"]
[EventCountry "ROU"]
[SourceTitle "EXT 2024"]
[Source "ChessBase"]
[SourceDate "2023.10.10"]
[SourceVersion "1"]
[SourceVersionDate "2023.10.10"]
[SourceQuality "1"]
[WhiteTeam "Arad Vados"]
[BlackTeam "Bucharest ASE"]
[WhiteTeamCountry "ROU"]
[BlackTeamCountry "ROU"]

1. d4 Nf6 2. c4 e6 3. Nf3 d5 4. g3 Bb4+ 5. Bd2 Be7 6. Bg2 c6 7. 0-0 0-0 8. Qc2 Nbd7 9. Bf4 b6 10. Nbd2 Nh5 11. e3 Bb7 12. cxd5 Nxf4 13. exf4 cxd5 14. Rfe1 Rc8 15. Qa4 a6 16. Qb3 b5 17. a4 Bc6 18. axb5 Bxb5 19. Bf1 Rb8 20. Qc2 a5 21. f5 1/2-1/2

[Event "Julius Baer Rapid Div 3 L"]
[Site "Chess.com INT"]
[Date "2023.08.31"]
[Round "3.3"]
[White "Bortnyk, Olexandr"]
[Black "Lupulescu, Constantin"]
[Result "1-0"]
[WhiteElo "2608"]
[BlackElo "2581"]
[PlyCount "137"]
[EventDate "2023.08.30"]
[EventType "k.o. (rapid)"]
[EventRounds "8"]
[EventCountry "GER"]
[SourceTitle "EXT 2024"]
[Source "ChessBase"]
[SourceDate "2023.10.10"]
[SourceVersion "1"]
[SourceVersionDate "2023.10.10"]
[SourceQuality "1"]

1. e4 c5 2. c3 Nf6 3. e5 Nd5 4. Bc4 e6 5. Nf3 d6 6. 0-0 Nb6 7. Bb3 Nc6 8. d4 cxd4 9. Bg5 Be7 10. Bxe7 Nxe7 11. cxd4 dxe5 12. dxe5 Qxd1 13. Rxd1 Bd7 14. Nc3 Bc6 15. Nd4 Ng6 16. Nxc6 bxc6 17. Re1 Ke7 18. g3 Rhd8 19. Re2 a5 20. a3 Rab8 21. Ba2 Rd4 22. f4 Nf8 23. Rc1 Nfd7 24. Ne4 c5 25. Nd6 c4 26. Nxc4 Nxc4 27. Bxc4 Rc8 28. Rec2 g5 29. fxg5 Nxe5 30. Be2 Rb8 31. Kg2 Rd7 32. Rc5 Nd3 33. Bxd3 Rxd3 34. R1c2 Rdb3 35. Rc7+ Ke8 36. Rf2 Rxb2 37. Rcxf7 Rxf2+ 38. Rxf2 Rb3 39. a4 Ra3 40. Rf4 Ra2+ 41. Kh3 e5 42. Re4 Kf7 43. Rxe5 Rxa4 44. g4 Ra1 45. Kh4 Ra2 46. h3 Ra3 47. Rf5+ Kg6 48. Rf6+ Kg7 49. Ra6 Kf7 50. Ra8 Kg7 51. Ra7+ Kg6 52. Rb7 a4 53. Rb6+ Kf7 54. Rh6 Kg7 55. Ra6 Kf7 56. Ra8 Kg7 57. Ra5 Kg6 58. Ra7 Ra1 59. Ra6+ Kg7 60. Kh5 a3 61. g6 hxg6+ 62. Rxg6+ Kf7 63. Ra6 a2 64. h4 Kg7 65. g5 Kf7 66. Ra7+ Kf8 67. g6 Ke8 68. g7 Rg1 69. Kh6 1-0

[Event "Julius Baer Rapid Div 3 W"]
[Site "Chess.com INT"]
[Date "2023.08.30"]
[Round "2.2"]
[White "Lupulescu, Constantin"]
[Black "Giri, Anish"]
[Result "1/2-1/2"]
[WhiteElo "2581"]
[BlackElo "2760"]
[PlyCount "89"]
[EventDate "2023.08.30"]
[EventType "k.o. (rapid)"]
[EventRounds "7"]
[EventCountry "GER"]
[SourceTitle "EXT 2024"]
[Source "ChessBase"]
[SourceDate "2023.10.10"]
[SourceVersion "1"]
[SourceVersionDate "2023.10.10"]
[SourceQuality "1"]

1. d4 d5 2. c4 c6 3. Nf3 Nf6 4. e3 Bf5 5. Nc3 e6 6. Nh4 Be4 7. f3 Bg6 8. Bd2 Be7 9. Nxg6 hxg6 10. Qc2 dxc4 11. Bxc4 Nd5 12. 0-0-0 Nb4 13. Qb1 Nd7 14. a3 Nd5 15. Qc2 a5 16. Bd3 Nxc3 17. Bxc3 b5 18. Be1 Qb6 19. h4 a4 20. Bb4 c5 21. dxc5 Bxc5 22. Be4 Rc8 23. Kb1 f5 24. Qd2 Nf6 25. Bxc5 Rxc5 26. Bd3 0-0 27. g4 fxg4 28. fxg4 Nxg4 29. Qg2 Nf6 30. Qxg6 b4 31. Rhg1 Rc7 32. axb4 Qxb4 33. Rg2 a3 34. h5 axb2 35. Rxb2 Qg4 36. Rg1 Qxh5 37. Qxh5 Nxh5 38. Bg6 Nf6 39. Rh1 Rfc8 40. e4 e5 41. Rb5 Rc5 42. Rb7 R5c7 43. Rb5 Rc5 44. Rb7 R5c7 45. Rb5 1/2-1/2